Politologie /

Hlavní autor: Novotný, Lukáš, 1979-
Jazyk: Čeština
Vydáno: Praha : Univerzita Jana Amose Komenského, 2009
Vydání: Vyd. 1.
Témata:
Externí odkaz: Digitalizovaný dokument
Fyzický popis: 166 s. ; 23 cm
Knihy
Uloženo v:
LEADER 01478nam a2200397 a 4500
001 nkc20091852227
003 CZ PrNK
005 20090414085732.0
007 ta
008 090121s2009 xr e p 000 0 cze
015 |a cnb001852227 
020 |a 978-80-86723-67-9  |q (brož.)  |z 978-80-86723-64-8 
035 |a (OCoLC)320222420 
040 |a ABA001  |b cze 
072 7 |a 321  |x Politologie  |2 Konspekt  |9 15 
072 7 |a 37.016  |x Učební osnovy. Vyučovací předměty. Učebnice  |2 Konspekt  |9 22 
080 |a 321  |2 MRF 
080 |a (075.8)  |2 MRF 
100 1 |a Novotný, Lukáš,  |d 1979-  |7 js20040209008  |4 aut 
245 1 0 |a Politologie /  |c Lukáš Novotný 
250 |a Vyd. 1. 
260 |a Praha :  |b Univerzita Jana Amose Komenského,  |c 2009 
300 |a 166 s. ;  |c 23 cm 
500 |a Terminologický slovník 
504 |a Obsahuje bibliografie 
650 0 7 |a politologie  |7 ph115796  |2 czenas 
650 0 9 |a political science  |2 eczenas 
655 7 |a učebnice vysokých škol  |7 fd133772  |2 czenas 
655 9 |a textbooks (higher)  |2 eczenas 
856 4 1 |u http://www.digitalniknihovna.cz/mzk/uuid/uuid:022b80a0-9e29-11e3-a744-005056827e52  |y Digitalizovaný dokument  |x NDK 
910 2 |a BOA001  |b 2-1216.832 
990 |a BK 
995 |a 01 
991 |b 200902  |c NOV 
996 6 |b 2610366965  |c 2-1216.832  |l MZK  |r Sklad / do 1 hodiny  |n 3  |p p.v.  |w 000927613  |u 000010  |a 1  |e BOA001  |j MZK50  |s P 
996 7 |b 2610367422  |c 2-1216.832  |l Vol.výběr  |r VV 0p  |n 36  |p kup  |h 32 NOV  |w 000927613  |u 000020  |a 0  |e BOA001  |j MZK50  |s A